Corporate Finance (Бичлэгийн дугаар. 146080)
| 000 -УДИРДЛАГА | |
|---|---|
| Удирдлага | 01081 a2200385 4500 |
| 003 - ХЯНАЛТЫН ТОО ТОДОРХОЙЛОГЧ | |
| Код | MN-UlNUM |
| 005 - БИЧИЛТ ХИЙСЭН ОГНОО | |
| Тухайн бичилтийг бичсэн засварласан сүүлийн огноо | 20260104144532.0 |
| 008 - ЕРӨНХИЙ МЭДЭЭЛЭЛ | |
| Ерөнхий мэдээлэл | 110605s2011 maua b 001 0 eng |
| 020 ## - ISBN | |
| ISBN | 9780132453226 |
| -- | 0132453223 |
| 040 ## - БИЧЛЭГ ҮҮСГЭГЧ БАЙГУУЛЛАГА | |
| Бичлэг үүсгэгч номын сангийн код | МУИС-ийн номын сан |
| 084 ## - ББК АНГИЛАЛ | |
| ББК ангилал | 65.261 |
| Зохиогчийн гурван тэмдэгт | B 46 |
| Нэмэлт тусгалт | Сурах бичиг |
| Мэдлэгийн ялгаа | 65 - Эдийн засаг |
| 100 1# - ЗОХИОГЧ | |
| Зохиогчийн нэр | Berk, Jonathan B. |
| Зохиогчийн огноо | 1962- |
| 245 10 - ҮНДСЭН ГАРЧИГ | |
| Номын нэр | Corporate Finance |
| Бага гарчгийн мэдээ | Global Edition |
| Оролцогчдын тухай мэдээ | Jonathan Berk, Peter DeMarzo |
| 250 ## - ДАХИН ХЭВЛЭЛТ | |
| Дахин гаралтын дугаар | 2nd ed. |
| 260 ## - ГАРАЛТЫН МЭДЭЭ | |
| Хэвлэгдсэн газар | Boston, MA. |
| Хэвлэлийн газар | Prentice Hall |
| Хэвлэгдсэн он | 2011 |
| 300 ## - МАТЕРИАЛЫН ТОДОРХОЙЛОЛТ | |
| хуудасны тоо | xxxv, 1001, [65] p. |
| Бусад тоон мэдээлэл | ill. (some col.) |
| Хэмжээ | 27 cm. |
| 500 ## - Тайлбар | |
| Дансны дугаар | БС 5995 |
| 546 ## - ХЭЛНИЙ ТУХАЙ МЭДЭЭ | |
| Хэл | Англи хэл дээр, |
| 653 ## - Түлхүүр үг | |
| Түлхүүр үг | finance |
| 653 ## - Түлхүүр үг | |
| Түлхүүр үг | corporate finance |
| 700 1# - ХАМ ЗОХИОГЧИД | |
| Ба бус | DeMarzo, Peter M. |
| 740 ## - НОМЫН ГАРЧИГ | |
| Гарчиг | Introduction |
| 740 ## - НОМЫН ГАРЧИГ | |
| Гарчиг | Tools |
| 740 ## - НОМЫН ГАРЧИГ | |
| Гарчиг | Basic valuation |
| 740 ## - НОМЫН ГАРЧИГ | |
| Гарчиг | Risk and return |
| 740 ## - НОМЫН ГАРЧИГ | |
| Гарчиг | Capital structure |
| 740 ## - НОМЫН ГАРЧИГ | |
| Гарчиг | Valuation |
| 740 ## - НОМЫН ГАРЧИГ | |
| Гарчиг | Options |
| 740 ## - НОМЫН ГАРЧИГ | |
| Гарчиг | Long-Term financing |
| 740 ## - НОМЫН ГАРЧИГ | |
| Гарчиг | Short-Term financing |
| 740 ## - НОМЫН ГАРЧИГ | |
| Гарчиг | Special topics |
| 942 ## - ЭЛЕМЕНТИЙН ТӨРӨЛ | |
| Зүйлийн төрөл | Ном |
